| 000 | 00546nam a2200193 i 4500 | ||
|---|---|---|---|
| 001 | 65241 | ||
| 003 | ES-MaACL | ||
| 005 | 20230906165329.0 | ||
| 007 | t| | ||
| 008 | 040109s1971 sp ||||1| spa d | ||
| 080 | _a860 Unamuno, Miguel de 2.06 | ||
| 100 | 1 |
_aFranco, Andrés. _952214 |
|
| 245 | 1 | 3 |
_aEl teatro de Unamuno / _cAndrés Franco. |
| 260 |
_aMadrid : _bÍnsula, _c1971. |
||
| 300 |
_a347 p. ; _c23 cm. |
||
| 600 | 1 | 4 |
_aUnamuno, Miguel de, _d1864-1936- _xTeatro _9111990 |
| 852 |
_aES-MaACL _jC-38383 |
||
| 999 |
_c65241 _d65241 |
||